| 000 | 00463nam a2200181Ia 4500 | ||
|---|---|---|---|
| 005 | 20250423101746.0 | ||
| 008 | 250422s9999 xx 000 0 und d | ||
| 020 | _a0672322811 | ||
| 050 | _aQA 76.76 .H94 L68/ | ||
| 100 | _aLovell, Douglas | ||
| 245 | 0 | _aXSL formatting objects : developer's handbook | |
| 260 | _aIndianapolis | ||
| 260 | _bSams Publishing | ||
| 260 | _c2003 | ||
| 300 | _a426 p | ||
| 650 | _aXSL (Document markup language) | ||
| 942 | _cBK | ||
| 999 |
_c37193 _d37193 |
||